000 00320nam a22001337a 4500
020 _a81-204-0633-8
041 _aENG
100 _aGiriappa.S
245 _aEnergy Use in Rural Areas Process,Problem and Prospects
260 _aNew Delhi
_bOxford & IBH
_c1990
300 _a180
650 _aEOES (12)
856 _uEOES (12)
999 _c2717
_d2717